Riadenie firiem v kríze. 1 Implementácia bankrotov v SR a ČR

Podmienky pre uplatňovanie konkurzov a vyrovnaní v SR a ČR. Štatistické údaje. Finančné problémy a rozsah platobnej neschopnosti. Problémy implementácie konkurzov a vyrovnaní. Stav infraštruktúry. Ekonomické podmienky veriteľov a dlžníkov. Privatizácia. Bankový sektor v pozícii veriteľa. Postoj k ba...

Description complète

Enregistré dans:
Détails bibliographiques
Auteur principal: Zemanovičová, Daniela
Format: Chapitre de livre
Langue:slovaque
Sujets:
Tags: Ajouter un tag
Pas de tags, Soyez le premier à ajouter un tag!

MARC

LEADER 00000naa a2200000 4500
001 r025162
005 20230809081719.7
041 0 |a slo 
044 |a SK 
245 1 0 |a Riadenie firiem v kríze. 1  |b Implementácia bankrotov v SR a ČR  |c Daniela Zemanovičová 
520 |a Podmienky pre uplatňovanie konkurzov a vyrovnaní v SR a ČR. Štatistické údaje. Finančné problémy a rozsah platobnej neschopnosti. Problémy implementácie konkurzov a vyrovnaní. Stav infraštruktúry. Ekonomické podmienky veriteľov a dlžníkov. Privatizácia. Bankový sektor v pozícii veriteľa. Postoj k bankrotom. 
610 2 0 |a konkurzy 
610 2 0 |a legislatíva 
610 2 0 |a bankrot 
610 2 0 |a Česko 
610 2 0 |a Slovensko 
610 2 0 |a údaje štatistické 
610 2 0 |a insolventnosť 
610 2 0 |a prostredie ekonomické 
610 2 0 |a infraštruktúra 
610 2 0 |a privatizácia 
610 2 0 |a banky 
610 2 0 |a podnik 
610 2 0 |a banky 
610 2 0 |a veritelia 
610 2 0 |a dlžníci 
100 1 |a Zemanovičová, Daniela